[Event "Piemonte-ch"]
[Site "Turin"]
[Date "2008.04.22"]
[Round "3"]
[White "Tallarico, Pierfrancesco"]
[Black "Medaglia, Enzo"]
[Result "1-0"]
[WhiteElo "1882"]
[BlackElo "1820"]
[PlyCount "53"]
[EventDate "2008.04.20"]
[EventType "swiss"]
[EventRounds "9"]
[EventCountry "ITA"]
[SourceTitle "EXT 2011"]
[Source "ChessBase"]
[SourceDate "2010.11.26"]
[SourceVersion "1"]
[SourceVersionDate "2010.11.26"]
[SourceQuality "1"]

1. c4 f5 2. Nc3 Nf6 3. Nf3 e6 4. g3 Be7 5. Bg2 d6 6. d4 0-0 7. 0-0 c6 8. b4 d5 9. c5 Qe8 10. a4 h6 11. Bf4 g5 12. Bxb8 Rxb8 13. Ne5 Nd7 14. Nxd7 Bxd7 15. e3 Bf6 16. f4 Qg6 17. Kh1 b6 18. Rb1 Kf7 19. Qd3 Rb7 20. cxb6 axb6 21. b5 c5 22. Nxd5 Rbb8 23. Nxf6 Qxf6 24. dxc5 Rfd8 25. Qd4 Qe7 26. Qd6 Qf6 27. c6 1-0

[Event "Turin FreeTUR op"]
[Site "Turin"]
[Date "2007.11.27"]
[Round "4"]
[White "Di Chiara, Mauro"]
[Black "Tallarico, Pierfrancesco"]
[Result "1/2-1/2"]
[WhiteElo "1747"]
[BlackElo "1518"]
[PlyCount "91"]
[EventDate "2007.11.06"]
[EventType "swiss"]
[EventRounds "6"]
[EventCountry "ITA"]
[SourceTitle "EXT 2010"]
[Source "ChessBase"]
[SourceDate "2010.11.25"]
[SourceVersion "1"]
[SourceVersionDate "2010.11.25"]
[SourceQuality "1"]

1. f4 d5 2. d3 Nf6 3. Nf3 Bg4 4. Ne5 Bf5 5. g3 Nbd7 6. Bg2 e6 7. 0-0 c6 8. c3 Qc7 9. Qe1 Be7 10. e4 dxe4 11. Nxd7 Qxd7 12. dxe4 Bg6 13. Nd2 0-0 14. Nc4 Rad8 15. Ne5 Qc7 16. Nxg6 hxg6 17. h3 Bc5+ 18. Be3 Bb6 19. Bxb6 Qxb6+ 20. Qf2 Rd2 21. Qxb6 axb6 22. Rf2 Rfd8 23. Raf1 R8d3 24. Rxd2 Rxd2 25. Rf2 Rd3 26. g4 Kf8 27. Kf1 Re3 28. Re2 Rd3 29. Ke1 Ke7 30. Rd2 Rxd2 31. Kxd2 e5 32. f5 g5 33. a4 Nd7 34. b4 f6 35. Kd3 Kd6 36. Kc4 Nb8 37. Bf1 Na6 38. Kb3 Nc7 39. Bd3 Na6 40. Bc4 Nc7 41. Bg8 Na6 42. Be6 Nb8 43. a5 bxa5 44. bxa5 Na6 45. Kc4 Kc7 46. Bf7 1/2-1/2